01148cam a22002651 450000100060000000300080000600500170001400800410003103500190007204000380009104100080012908200130013710000360015024500580018626000470024430000330029149000630032450000600038750001640044750400320061165000270064371101050067083000470077583000600082210443BD-RjUL20211208234944.0140123s1958 ctua b 000 0 eng d a(BD-RjUL)10491 aDLC/ICUcICUdDLCd(BD-RjUL)beng aeng00a546bSET1 aSeaborg, Glenn Theodore,d1912-04aThe transuranium elements /cSeaborg, Glenn Theodore, aNew Haven :bYale University Press,c1958. axx, 328 p. :bill. ;c24 cm.1 aYale University. Mrs. Hepsa Ely Silliman memorial lectures aAddison-Wesley books in nuclear science and metallurgy. a"The Geneva presentation volumes presented by the U.S.A. at the Second International Conference on the Peaceful Uses of Atomic Energy, Geneva, September 1958." aBibliography: p. [301]-302. 0aTransuranium elements.2 aInternational Conference on the Peaceful Uses of Atomic Energyn(2nd :d1958 :cGeneva, Switzerland) 0aMrs. Hepsa Ely Silliman memorial lectures. 0aAddison-Wesley books in nuclear science and metallurgy.